Теология и философия в религиозной мысли США XX века: монография

Chi tiết về thư mục
Tác giả chính: Юлина Н. С. Нина Степановна
Tác giả của công ty: Академия наук СССР (АН СССР) Институт философии (ИФ)
Tác giả khác: Семенов Ю. Н. (редактор)
Ngôn ngữ:Tiếng Nga
Được phát hành: Москва, Наука, 1986
Những chủ đề:
Định dạng: Sách
KOHA link:https://koha.lib.tpu.ru/cgi-bin/koha/opac-detail.pl?biblionumber=280095

MARC

LEADER 00000nam0a2200000 4500
001 280095
005 20231101235255.0
035 |a (RuTPU)RU\TPU\book\303404 
090 |a 280095 
100 |a 20141225d1986 k y0rusy50 ca 
101 0 |a rus 
102 |a RU 
105 |a y z 001zy 
200 1 |a Теология и философия в религиозной мысли США XX века  |e монография  |f Н. С. Юлина  |g Академия наук СССР (АН СССР), Институт философии (ИФ) ; под ред. Ю. Н. Семенов 
210 |a Москва  |c Наука  |d 1986 
215 |a 161 с. 
320 |a Библиогр. в тексте 
606 1 |a Религия  |x В зарубежных странах  |2 stltpush  |3 (RuTPU)RU\TPU\subj\24956  |9 49220 
606 1 |a Христианство  |2 stltpush  |3 (RuTPU)RU\TPU\subj\17605  |9 43212 
610 1 |a теология 
610 1 |a религиозная мысль 
610 1 |a американская философия 
610 1 |a 20 век 
610 1 |a модернизация 
686 |a Э29(7США)  |v LBC/SL-A  |2 rubbk 
686 |a Э37  |v LBC/SL-A  |2 rubbk 
700 1 |a Юлина  |b Н. С.  |g Нина Степановна 
702 1 |a Семенов  |b Ю. Н.  |4 340 
712 0 2 |a Академия наук СССР (АН СССР)  |b Институт философии (ИФ)  |2 stltpush  |3 (RuTPU)RU\TPU\col\11338 
801 1 |a RU  |b 63413507  |c 20141225 
801 2 |a RU  |b 63413507  |c 20170426  |g RCR 
942 |c BK